00498nam a22001697a 450000500170000001000130001702000100003003500120004003700130005208200070006510000370007224500700010924600530017926000370023227000380026930000210030720230517115712.0 aUR-12014 c30.00 aU-10569 bDBAD/PUB aک aدہلو ی ۔ عادل اسیر aگلستاں کی کہا نیاں /cعادل اسیر دہلوی aGulistan ki kahaniyan /bby Aadil Aseer Dehlavi  aDelhibMalik Book Depotc2001 ء a3212, Turkman GatebDelhie110006 a80 صc22cm(pbk)